000 00502nam a2200181Ia 4500
001 24231
005 20260414151029.0
008 260414t2020||||xx |||||||||||||| ||spa||
041 _aESP
082 _a345.122
_bA32
100 _aAguila Gonzales, Rony del
_eAUT
245 0 _aLa prescripción penal :
_bestudio integral desde la práctica, la dogmática y la jurisprudencia
260 _c2020
300 _a286 páginas :
_c25 cm.
650 _aDER
654 _aCDE
942 _cLIB
_dJUS
_fJUS
_2ddc
_n
999 _c24231
_d24231